[Event "Men-Tehran"]
[Site "?"]
[Date "2015.09.18"]
[Round "8.10"]
[White "Pourramezanali, A."]
[Black "Kazerooni, S."]
[Result "1-0"]
[BlackElo "1928"]
[WhiteElo "2453"]
[LiveChessVersion "1.4.6"]

1. d4 {[%clk 1:30:57]} Nf6 {[%clk 1:30:53]} 2. Nf3 {[%clk 1:31:23]} d5
{[%clk 1:31:07]} 3. e3 {[%clk 1:31:40]} e6 {[%clk 1:29:46]} 4. Bd3
{[%clk 1:32:06]} c5 {[%clk 1:30:09]} 5. c3 {[%clk 1:32:31]} Nbd7 {[%clk 1:28:44]}
6. Nbd2 {[%clk 1:32:56]} Be7 {[%clk 1:28:56]} 7. O-O {[%clk 1:33:19]} O-O
{[%clk 1:29:19]} 8. Qe2 {[%clk 1:32:33]} Qc7 {[%clk 1:20:47]} 9. e4
{[%clk 1:32:09]} dxe4 {[%clk 1:19:04]} 10. Nxe4 {[%clk 1:32:35]} b6
{[%clk 1:16:38]} 11. Bg5 {[%clk 1:29:36]} Bb7 {[%clk 1:13:17]} 12. dxc5
{[%clk 1:29:47]} bxc5 {[%clk 0:59:24]} 13. Rad1 {[%clk 1:28:55]} Rad8
{[%clk 0:51:35]} 14. Rfe1 {[%clk 1:29:15]} Rfe8 {[%clk 0:51:25]} 15. Nxf6+
{[%clk 1:27:30]} Bxf6 {[%clk 0:49:31]} 16. Bxf6 {[%clk 1:26:51]} Nxf6
{[%clk 0:44:35]} 17. Ne5 {[%clk 1:27:14]} Rd6 {[%clk 0:41:53]} 18. Bc2
{[%clk 1:21:31]} Red8 {[%clk 0:40:41]} 19. Rxd6 {[%clk 1:20:42]} Rxd6 20. Rd1
{[%clk 1:20:33]} g6 {[%clk 0:30:47]} 21. f3 {[%clk 1:15:12]} Rxd1+
{[%clk 0:21:50]} 22. Bxd1 {[%clk 1:15:35]} Qd6 {[%clk 0:21:30]} 23. Bb3
{[%clk 1:13:16]} Nd7 {[%clk 0:15:15]} 24. Nc4 {[%clk 1:08:33]} Qa6
{[%clk 0:11:37]} 25. Qd2 {[%clk 1:08:47]} Bd5 {[%clk 0:11:11]} 26. Ne3
{[%clk 1:05:33]} Bxb3 {[%clk 0:09:55]} 27. axb3 {[%clk 1:06:01]} Ne5
{[%clk 0:09:47]} 28. c4 {[%clk 1:03:36]} Qa2 {[%clk 0:07:24]} 29. Qc3
{[%clk 0:56:08]} Nc6 {[%clk 0:04:55]} 30. Kf2 {[%clk 0:56:26]} a5
{[%clk 0:04:30]} 31. Ng4 {[%clk 0:44:26]} Nd4 {[%clk 0:04:24]} 32. Nf6+
{[%clk 0:44:47]} Kg7 {[%clk 0:04:15]} 33. Ne4 {[%clk 0:45:15]} Qxb3
{[%clk 0:04:05]} 34. Nxc5 {[%clk 0:45:39]} Qxc3 {[%clk 0:03:05]} 35. bxc3
{[%clk 0:46:07]} Nc6 {[%clk 0:02:58]} 36. Ke3 {[%clk 0:46:31]} Kf6
{[%clk 0:02:42]} 37. Kd2 {[%clk 0:44:50]} Ke7 {[%clk 0:01:19]} 38. Kc2
{[%clk 0:44:47]} Kd6 {[%clk 0:01:37]} 39. Ne4+ {[%clk 0:45:08]} Kc7
{[%clk 0:01:31]} 40. Ng5 {[%clk 0:34:10]} h5 {[%clk 0:00:54]} 41. Nxf7
{[%clk 0:34:30]} Kb6 {[%clk 0:01:01]} 42. Ng5 {[%clk 0:34:26]} e5
{[%clk 0:00:50]} 43. Kb3 {[%clk 0:33:51]} a4+ {[%clk 0:00:44]} 44. Kxa4
{[%clk 0:33:59]} Kc5 {[%clk 0:01:10]} 45. Kb3 {[%clk 0:34:22]} Na5+
{[%clk 0:01:10]} 46. Kc2 {[%clk 0:34:47]} Kxc4 {[%clk 0:00:46]} 47. Ne4
{[%clk 0:35:13]} Nb7 {[%clk 0:00:50]} 48. h4 {[%clk 0:34:21]} Nd8
{[%clk 0:01:00]} 49. Nd2+ {[%clk 0:33:54]} Kd5 {[%clk 0:01:02]} 50. Kd3
{[%clk 0:34:13]} Ne6 {[%clk 0:01:05]} 51. g3 {[%clk 0:33:52]} Ng7
{[%clk 0:00:49]} 52. Nc4 {[%clk 0:33:43]} Ne6 {[%clk 0:00:49]} 53. Nd2
{[%clk 0:33:04]} Ng7 {[%clk 0:01:05]} 54. c4+ {[%clk 0:31:48]} Kd6
{[%clk 0:01:23]} 55. Ne4+ {[%clk 0:32:01]} Kc6 {[%clk 0:01:40]} 56. g4
{[%clk 0:29:11]} Ne6 {[%clk 0:01:57]} 57. Nf2 {[%clk 0:27:01]} Nf4+
{[%clk 0:01:21]} 58. Ke4 {[%clk 0:27:30]} Ng2 {[%clk 0:01:20]} 59. g5
{[%clk 0:27:55]} Nxh4 {[%clk 0:01:23]} 60. Nd3 {[%clk 0:28:24]} Kd6
{[%clk 0:00:59]} 61. Nxe5 {[%clk 0:28:31]} Kc5 {[%clk 0:01:02]} 62. f4
{[%clk 0:28:52]} Kd6 {[%clk 0:00:49]} 63. Nd3 {[%clk 0:27:18]} Nf5
{[%clk 0:00:46]} 64. c5+ {[%clk 0:27:41]} Kc6 {[%clk 0:00:41]} 65. Ne5+
{[%clk 0:28:10]} Kxc5 {[%clk 0:01:06]} 66. Nxg6 {[%clk 0:28:37]} h4
{[%clk 0:00:40]} 67. Kxf5 {[%clk 0:28:58]} h3 {[%clk 0:01:04]} 68. Ne5
{[%clk 0:29:25]} h2 {[%clk 0:00:36]} 69. Nd3+ {[%clk 0:29:53]} Kd4
{[%clk 0:01:00]} 70. Nf2 {[%clk 0:30:21]} 1-0

[Event "Men-Tehran"]
[Site "?"]
[Date "2015.09.18"]
[Round "8.11"]
[White "Momenzadeh, M."]
[Black "Maghsoodloo, P."]
[Result "0-1"]
[BlackElo "2447"]
[WhiteElo "1899"]
[LiveChessVersion "1.4.6"]

1. e4 {[%clk 1:30:57]} c5 {[%clk 1:30:59]} 2. Nf3 {[%clk 1:31:16]} d6
{[%clk 1:31:24]} 3. d4 {[%clk 1:31:40]} cxd4 {[%clk 1:31:50]} 4. Nxd4
{[%clk 1:32:03]} Nf6 {[%clk 1:32:16]} 5. Nc3 {[%clk 1:32:22]} a6 {[%clk 1:32:42]}
6. Be2 {[%clk 1:31:11]} e5 {[%clk 1:32:58]} 7. Nf3 {[%clk 1:31:29]} Be7
{[%clk 1:33:08]} 8. h3 {[%clk 1:31:50]} b5 {[%clk 1:33:08]} 9. Bg5
{[%clk 1:30:47]} Nbd7 {[%clk 1:33:30]} 10. Nd5 {[%clk 1:23:22]} Nxd5
{[%clk 1:33:15]} 11. Qxd5 {[%clk 1:23:31]} Rb8 {[%clk 1:33:40]} 12. Bxe7
{[%clk 1:20:40]} Qxe7 {[%clk 1:33:58]} 13. O-O-O {[%clk 1:18:06]} Rb6
{[%clk 1:34:20]} 14. Qd3 {[%clk 1:18:10]} O-O {[%clk 1:34:04]} 15. g4
{[%clk 1:13:23]} Bb7 {[%clk 1:34:11]} 16. Qe3 {[%clk 1:12:15]} Rc8
{[%clk 1:34:08]} 17. h4 {[%clk 1:11:15]} Nc5 {[%clk 1:33:52]} 18. Nd2
{[%clk 1:04:48]} Rbc6 {[%clk 1:32:34]} 19. Kb1 {[%clk 1:04:23]} R6c7
{[%clk 1:30:59]} 20. f3 {[%clk 1:03:37]} Na4 {[%clk 1:28:57]} 21. Rc1
{[%clk 1:01:54]} d5 {[%clk 1:29:20]} 22. exd5 {[%clk 0:59:40]} Bxd5
{[%clk 1:24:45]} 23. Nb3 {[%clk 0:58:32]} Bc4 {[%clk 1:23:01]} 24. g5
{[%clk 0:56:44]} a5 {[%clk 1:21:05]} 25. h5 {[%clk 0:55:07]} Qe6 {[%clk 1:08:41]}
26. Bd3 {[%clk 0:48:16]} Nb6 {[%clk 1:04:15]} 27. g6 {[%clk 0:45:14]} fxg6
{[%clk 1:02:42]} 28. hxg6 {[%clk 0:44:49]} hxg6 {[%clk 1:03:07]} 29. f4
{[%clk 0:41:35]} a4 {[%clk 1:02:35]} 30. Nd2 {[%clk 0:41:02]} a3 {[%clk 1:00:21]}
31. Bxc4 {[%clk 0:39:04]} bxc4 {[%clk 0:59:24]} 32. Nf3 {[%clk 0:32:41]} axb2
{[%clk 0:57:56]} 33. Rcd1 {[%clk 0:32:31]} c3 {[%clk 0:55:58]} 34. Nxe5
{[%clk 0:32:22]} Ra7 {[%clk 0:55:45]} 0-1

[Event "Men-Tehran"]
[Site "?"]
[Date "2015.09.18"]
[Round "8.12"]
[White "Javanbakht, N."]
[Black "Motaghi, S."]
[Result "1-0"]
[BlackElo "1662"]
[WhiteElo "2405"]
[LiveChessVersion "1.4.6"]

1. Nf3 Nf6 2. c4 e6 3. g3 d5 4. b3 Nbd7 5. Bb2 b6 6. Bg2 Bb7 7. O-O Bd6 8. cxd5
exd5 9. Nc3 c6 10. Nh4 O-O 11. Nf5 Nc5 12. Nxd6 Qxd6 13. Ba3 d4 14. Na4 Nfd7 15.
Rc1 Rfe8 16. Nxc5 bxc5 17. d3 Re5 18. Rc2 Rae8 19. Bf3 g5 20. Qd2 Qg6 21. e4 g4
22. Bg2 h5 23. Rfc1 Qg5 24. Qxg5+ Rxg5 25. Bxc5 Nxc5 26. Rxc5 Ree5 27. R5c4 c5
28. Bf1 Kf8 29. b4 Ba6 30. Rxc5 Rxc5 31. bxc5 Ke7 32. f4 gxf3 33. c6 Bc8 34. Kf2
Kd6 35. Kxf3 Rc5 36. Rxc5 Kxc5 37. c7 Kb4 38. Kf4 Ka3 39. Be2 Kxa2 40. Bxh5 a5
41. Bxf7+ 1-0

[Event "Men-Tehran"]
[Site "?"]
[Date "2015.09.18"]
[Round "8.13"]
[White "Bolourchifard, F."]
[Black "Fendereski, N."]
[Result "1-0"]
[BlackElo "2242"]
[WhiteElo "2229"]
[LiveChessVersion "1.4.6"]

1. e4 {[%clk 1:29:57]} c5 {[%clk 1:30:53]} 2. Nc3 {[%clk 1:30:15]} g6
{[%clk 1:31:10]} 3. g3 {[%clk 1:29:42]} Nc6 {[%clk 1:31:14]} 4. Bg2
{[%clk 1:30:06]} Bg7 {[%clk 1:31:37]} 5. d3 {[%clk 1:30:31]} d6 {[%clk 1:31:59]}
6. Be3 {[%clk 1:30:43]} Nf6 {[%clk 1:31:17]} 7. h3 {[%clk 1:30:49]} O-O
{[%clk 1:30:43]} 8. Nge2 {[%clk 1:30:57]} Ne8 {[%clk 1:29:09]} 9. O-O
{[%clk 1:28:33]} Nd4 {[%clk 1:28:11]} 10. Kh2 {[%clk 1:21:56]} Rb8
{[%clk 1:23:47]} 11. Ng1 {[%clk 1:17:22]} Nc7 {[%clk 1:12:15]} 12. Qd2
{[%clk 1:12:38]} f5 {[%clk 1:01:42]} 13. Nd5 {[%clk 1:08:48]} Nxd5
{[%clk 0:42:23]} 14. exd5 {[%clk 1:09:06]} e5 {[%clk 0:40:41]} 15. dxe6
{[%clk 1:08:56]} Bxe6 {[%clk 0:40:14]} 16. c3 {[%clk 1:06:18]} Nc6
{[%clk 0:40:30]} 17. Ne2 {[%clk 1:04:42]} Ne7 {[%clk 0:27:03]} 18. d4
{[%clk 0:58:39]} b6 {[%clk 0:25:36]} 19. Bg5 {[%clk 0:50:39]} Bf6
{[%clk 0:19:52]} 20. Bxf6 {[%clk 0:50:45]} Rxf6 {[%clk 0:20:21]} 21. d5
{[%clk 0:50:16]} Bd7 {[%clk 0:20:08]} 22. Rfe1 {[%clk 0:50:25]} Qf8
{[%clk 0:18:20]} 23. a4 {[%clk 0:39:31]} Re8 {[%clk 0:14:22]} 24. a5
{[%clk 0:39:34]} b5 {[%clk 0:14:41]} 25. b4 {[%clk 0:39:27]} Nc8 {[%clk 0:12:09]}
26. Nf4 {[%clk 0:29:50]} Rf7 27. Ne6 {[%clk 0:30:15]} Bxe6 {[%clk 0:11:48]} 28.
dxe6 {[%clk 0:29:34]} Rc7 {[%clk 0:11:23]} 29. Qd3 a6 30. c4 {[%clk 0:29:35]} Na7
{[%clk 0:08:03]} 31. bxc5 {[%clk 0:24:29]} dxc5 {[%clk 0:07:58]} 32. Rad1
{[%clk 0:24:41]} Qe7 {[%clk 0:05:13]} 33. Qd6 {[%clk 0:23:36]} bxc4
{[%clk 0:04:21]} 34. Qxa6 {[%clk 0:23:55]} Nc8 {[%clk 0:03:57]} 35. Rd7
{[%clk 0:21:04]} Rxd7 {[%clk 0:03:39]} 36. exd7 {[%clk 0:21:26]} Qxd7
{[%clk 0:03:46]} 37. Bc6 {[%clk 0:21:26]} Re6 {[%clk 0:04:00]} 38. Qxc4
{[%clk 0:21:38]} 1-0

[Event "Men-Tehran"]
[Site "?"]
[Date "2015.09.18"]
[Round "8.14"]
[White "Tahbaz, A."]
[Black "Azadbakhsh, F."]
[Result "1-0"]
[BlackElo "2104"]
[WhiteElo "2342"]
[LiveChessVersion "1.4.6"]

1. e4 {[%clk 1:30:40]} c6 {[%clk 1:27:35]} 2. d4 {[%clk 1:30:59]} g6
{[%clk 1:27:56]} 3. Nc3 {[%clk 1:27:21]} d5 {[%clk 1:26:42]} 4. Nf3
{[%clk 1:27:11]} Bg7 {[%clk 1:27:00]} 5. h3 {[%clk 1:27:29]} Nh6 {[%clk 1:27:06]}
6. Bd3 {[%clk 1:23:19]} O-O {[%clk 1:26:55]} 7. O-O {[%clk 1:22:54]} f6
{[%clk 1:27:06]} 8. Na4 {[%clk 1:17:31]} Nf7 {[%clk 1:26:35]} 9. c4
{[%clk 1:16:48]} dxe4 {[%clk 1:10:44]} 10. Bxe4 {[%clk 1:17:15]} e5
{[%clk 0:55:20]} 11. dxe5 {[%clk 1:13:48]} fxe5 {[%clk 0:54:01]} 12. Qxd8
{[%clk 1:11:37]} Rxd8 {[%clk 0:54:18]} 13. Be3 {[%clk 1:11:17]} Na6
{[%clk 0:53:20]} 14. Rfd1 {[%clk 1:09:57]} Be6 {[%clk 0:51:23]} 15. b3
{[%clk 1:08:45]} Nd6 {[%clk 0:40:05]} 16. Ng5 {[%clk 0:55:43]} Bf7
{[%clk 0:34:45]} 17. Nc5 {[%clk 0:38:56]} Nxc5 {[%clk 0:19:17]} 18. Bxc5
{[%clk 0:39:11]} Bf8 {[%clk 0:19:43]} 19. g4 {[%clk 0:35:30]} Be7
{[%clk 0:15:54]} 20. Nxf7 {[%clk 0:33:19]} Kxf7 {[%clk 0:16:02]} 21. Bg2
{[%clk 0:33:46]} Ne8 {[%clk 0:05:17]} 22. Rxd8 {[%clk 0:33:08]} Bxd8
{[%clk 0:03:24]} 23. Rd1 {[%clk 0:33:37]} Ke6 {[%clk 0:03:34]} 24. Re1
{[%clk 0:32:40]} Bb6 {[%clk 0:03:11]} 25. b4 {[%clk 0:31:19]} Nf6
{[%clk 0:02:16]} 26. Be3 {[%clk 0:29:34]} Bxe3 {[%clk 0:01:37]} 27. Rxe3
{[%clk 0:30:00]} Rd8 {[%clk 0:01:32]} 28. b5 {[%clk 0:28:12]} Rd1+
{[%clk 0:01:43]} 29. Kh2 {[%clk 0:28:32]} cxb5 {[%clk 0:01:05]} 30. cxb5
{[%clk 0:29:01]} Nd5 {[%clk 0:01:17]} 31. Ra3 {[%clk 0:29:25]} Rb1
{[%clk 0:01:26]} 32. Ra5 {[%clk 0:29:15]} Rb2 {[%clk 0:00:44]} 33. Bxd5+
{[%clk 0:29:33]} Kxd5 {[%clk 0:01:02]} 34. b6+ {[%clk 0:30:02]} 1-0

[Event "Men-Tehran"]
[Site "?"]
[Date "2015.09.18"]
[Round "8.15"]
[White "Ghaziolsharif, K."]
[Black "Rastbod, A."]
[Result "1-0"]
[BlackElo "2190"]
[WhiteElo "2186"]
[LiveChessVersion "1.4.6"]

1. e4 {[%clk 1:26:03]} e6 {[%clk 1:30:50]} 2. d3 {[%clk 1:23:28]} d5
{[%clk 1:31:14]} 3. Nd2 {[%clk 1:23:20]} Nf6 {[%clk 1:31:37]} 4. Ngf3
{[%clk 1:23:41]} Nc6 {[%clk 1:31:38]} 5. c3 {[%clk 1:21:18]} a5 {[%clk 1:22:44]}
6. Be2 {[%clk 1:18:16]} Bc5 {[%clk 1:19:10]} 7. O-O {[%clk 1:17:26]} O-O
{[%clk 1:19:33]} 8. d4 {[%clk 0:47:39]} dxe4 {[%clk 1:16:44]} 9. Ng5
{[%clk 0:47:30]} Bd6 {[%clk 1:15:28]} 10. Qc2 {[%clk 0:46:26]} h6
{[%clk 1:01:36]} 11. Ngxe4 {[%clk 0:46:27]} Nxe4 {[%clk 1:01:24]} 12. Nxe4
{[%clk 0:44:47]} e5 {[%clk 0:58:45]} 13. dxe5 Bxe5 {[%clk 0:57:48]} 14. Rd1
{[%clk 0:24:22]} Qe7 {[%clk 0:53:49]} 15. Be3 {[%clk 0:23:48]} b6
{[%clk 0:39:46]} 16. Qa4 {[%clk 0:09:48]} Bb7 {[%clk 0:35:25]} 17. Ng3
{[%clk 0:08:53]} f5 {[%clk 0:30:53]} 18. f4 {[%clk 0:07:00]} Bd6 {[%clk 0:30:49]}
19. Bf2 {[%clk 0:07:22]} Nd8 {[%clk 0:29:49]} 20. Bd3 {[%clk 0:07:34]} g6
{[%clk 0:28:14]} 21. Re1 {[%clk 0:05:48]} Qh4 {[%clk 0:13:32]} 22. Nxf5
{[%clk 0:03:53]} Qxf4 {[%clk 0:13:52]} 23. Qxf4 {[%clk 0:03:38]} Bxf4
{[%clk 0:14:21]} 24. Ne7+ {[%clk 0:04:07]} Kh7 {[%clk 0:10:36]} 25. Bxg6+
{[%clk 0:03:55]} Kg7 {[%clk 0:10:51]} 26. Bd4+ {[%clk 0:04:16]} Rf6
{[%clk 0:10:58]} 27. Be4 {[%clk 0:02:10]} 1-0

[Event "Men-Tehran"]
[Site "?"]
[Date "2015.09.18"]
[Round "8.16"]
[White "Omidi, A."]
[Black "Sakhayi, M."]
[Result "1-0"]
[BlackElo "2184"]
[WhiteElo "2252"]
[LiveChessVersion "1.4.6"]

1. e4 {[%clk 1:30:59]} e5 {[%clk 1:26:00]} 2. Nf3 {[%clk 1:31:23]} Nc6
{[%clk 1:26:24]} 3. Bb5 {[%clk 1:31:51]} a6 {[%clk 1:26:46]} 4. Ba4
{[%clk 1:32:19]} Nf6 {[%clk 1:27:07]} 5. d3 {[%clk 1:32:44]} b5 {[%clk 1:26:38]}
6. Bb3 {[%clk 1:33:13]} Be7 {[%clk 1:26:19]} 7. O-O {[%clk 1:33:39]} O-O
{[%clk 1:25:50]} 8. Nbd2 {[%clk 1:34:01]} d6 {[%clk 1:26:03]} 9. a4
{[%clk 1:34:29]} Bd7 {[%clk 1:19:08]} 10. axb5 {[%clk 1:34:43]} axb5
{[%clk 1:19:32]} 11. Rxa8 {[%clk 1:35:11]} Qxa8 {[%clk 1:19:52]} 12. c3
{[%clk 1:35:40]} Na5 {[%clk 1:19:18]} 13. Bc2 {[%clk 1:35:16]} c5
{[%clk 1:19:41]} 14. Re1 {[%clk 1:35:24]} Qb7 {[%clk 1:14:41]} 15. Nf1
{[%clk 1:35:47]} b4 {[%clk 1:14:43]} 16. Ne3 {[%clk 1:29:35]} bxc3
{[%clk 1:04:09]} 17. bxc3 {[%clk 1:29:58]} Be6 {[%clk 1:00:52]} 18. h3
{[%clk 1:19:42]} Rc8 {[%clk 0:53:58]} 19. Ng5 {[%clk 1:18:17]} Bb3
{[%clk 0:48:21]} 20. Nf5 {[%clk 1:17:01]} Bxc2 {[%clk 0:47:15]} 21. Qxc2
{[%clk 1:16:58]} h6 {[%clk 0:46:44]} 22. Nf3 {[%clk 1:13:47]} Bf8
{[%clk 0:46:08]} 23. g4 {[%clk 1:13:46]} Qb3 {[%clk 0:39:15]} 24. Qd2
{[%clk 1:13:06]} Qe6 {[%clk 0:32:55]} 25. Kh2 {[%clk 1:07:46]} Nb3
{[%clk 0:32:08]} 26. Qd1 {[%clk 1:06:51]} Nxc1 {[%clk 0:32:28]} 27. Qxc1
{[%clk 1:07:20]} c4 {[%clk 0:31:28]} 28. d4 {[%clk 1:04:51]} exd4
{[%clk 0:31:13]} 29. N3xd4 {[%clk 1:04:56]} Qe5+ {[%clk 0:29:54]} 30. f4
{[%clk 1:01:13]} Qc5 {[%clk 0:30:14]} 31. Qc2 {[%clk 0:59:46]} Re8
{[%clk 0:27:34]} 32. Ng3 {[%clk 0:59:12]} g6 {[%clk 0:26:14]} 33. Rb1
{[%clk 0:48:52]} Bg7 {[%clk 0:24:58]} 34. Qa4 {[%clk 0:47:10]} Kh7
{[%clk 0:18:29]} 35. Rb7 {[%clk 0:46:21]} Kg8 {[%clk 0:14:32]} 36. Rb4
{[%clk 0:42:40]} Rc8 {[%clk 0:14:00]} 37. Qa6 {[%clk 0:41:14]} d5
{[%clk 0:08:32]} 38. e5 {[%clk 0:38:54]} Ne4 {[%clk 0:08:48]} 39. Rb5
{[%clk 0:37:11]} Qc7 {[%clk 0:09:07]} 40. Rb7 {[%clk 0:32:37]} Qc5
{[%clk 0:09:18]} 41. Nxe4 {[%clk 0:21:22]} dxe4 {[%clk 0:09:46]} 42. Rd7
{[%clk 0:18:49]} Rb8 {[%clk 0:09:07]} 43. e6 {[%clk 0:18:38]} Rf8
{[%clk 0:00:42]} 44. exf7+ {[%clk 0:13:41]} Rxf7 {[%clk 0:01:03]} 45. Qe6
{[%clk 0:13:41]} Qf8 {[%clk 0:01:08]} 46. Nb5 {[%clk 0:13:16]} 1-0

[Event "Men-Tehran"]
[Site "?"]
[Date "2015.09.18"]
[Round "8.17"]
[White "Ghane, S."]
[Black "Khodashenas, M."]
[Result "1/2-1/2"]
[BlackElo "2343"]
[WhiteElo "2326"]
[LiveChessVersion "1.4.6"]

1. d4 {[%clk 1:30:43]} Nf6 {[%clk 1:30:53]} 2. Nf3 {[%clk 1:30:51]} e6
{[%clk 1:31:16]} 3. Bg5 {[%clk 1:29:56]} d5 {[%clk 1:30:43]} 4. e3
{[%clk 1:29:44]} Be7 {[%clk 1:30:46]} 5. Bd3 {[%clk 1:29:27]} Nbd7
{[%clk 1:30:36]} 6. Nbd2 {[%clk 1:29:09]} c5 {[%clk 1:29:30]} 7. c3
{[%clk 1:29:30]} O-O {[%clk 1:29:21]} 8. Qb1 {[%clk 1:29:30]} h6 {[%clk 1:28:47]}
9. Bf4 {[%clk 1:28:04]} Nh5 {[%clk 1:23:32]} 10. Be5 {[%clk 1:28:25]} f5
{[%clk 1:13:43]} 11. h3 {[%clk 1:28:19]} Nhf6 {[%clk 1:13:15]} 12. O-O
{[%clk 1:28:02]} Ne4 {[%clk 1:08:40]} 13. Qc2 {[%clk 1:25:45]} Bf6
{[%clk 0:57:24]} 14. Bh2 {[%clk 1:23:54]} c4 {[%clk 0:53:48]} 15. Be2
{[%clk 1:20:37]} b5 {[%clk 0:52:32]} 16. a4 {[%clk 1:15:03]} bxa4
{[%clk 0:51:56]} 17. Rxa4 {[%clk 1:13:09]} a5 {[%clk 0:51:12]} 18. Nxe4
{[%clk 0:57:47]} fxe4 {[%clk 0:51:15]} 19. Nd2 {[%clk 0:58:06]} Nb6
{[%clk 0:47:55]} 20. Raa1 {[%clk 0:58:10]} a4 {[%clk 0:48:23]} 21. Bh5
{[%clk 0:57:07]} Bh4 {[%clk 0:39:17]} 22. Qd1 {[%clk 0:55:34]} Bd7
{[%clk 0:37:27]} 23. Qe2 {[%clk 0:51:06]} Kh7 {[%clk 0:29:23]} 24. Qg4
{[%clk 0:40:59]} Qg5 {[%clk 0:23:53]} 25. Bd6 {[%clk 0:39:54]} Rfc8
{[%clk 0:19:22]} 26. Qxg5 {[%clk 0:37:34]} Bxg5 {[%clk 0:19:50]} 27. Bd1
{[%clk 0:37:00]} Ra6 {[%clk 0:18:35]} 28. Bc2 {[%clk 0:36:25]} Kg8
{[%clk 0:17:34]} 29. Rae1 {[%clk 0:35:14]} Rca8 {[%clk 0:14:48]} 30. f3
{[%clk 0:33:28]} Nc8 {[%clk 0:14:49]} 31. Ba3 {[%clk 0:30:08]} exf3
{[%clk 0:15:01]} 32. Nxf3 {[%clk 0:30:17]} Be7 {[%clk 0:14:46]} 33. Ne5
{[%clk 0:30:13]} Be8 {[%clk 0:14:22]} 34. Re2 {[%clk 0:27:49]} Nd6
{[%clk 0:10:23]} 35. Ref2 {[%clk 0:27:19]} R8a7 {[%clk 0:10:02]} 36. Ng6
{[%clk 0:22:32]} Bxg6 {[%clk 0:09:14]} 37. Bxg6 {[%clk 0:22:48]} Bf6
{[%clk 0:09:30]} 38. h4 {[%clk 0:18:34]} Ra8 {[%clk 0:06:55]} 39. h5
{[%clk 0:18:48]} Rb8 {[%clk 0:04:05]} 40. Rf3 {[%clk 0:17:00]} Nb5
{[%clk 0:02:46]} 41. Bb4 {[%clk 0:16:56]} Ra7 {[%clk 0:03:15]} 42. Bc5
{[%clk 0:16:29]} Ra6 {[%clk 0:02:29]} 43. Bb4 {[%clk 0:14:37]} Ra7
{[%clk 0:02:52]} 44. g4 {[%clk 0:14:46]} Ra6 {[%clk 0:00:56]} 45. g5
{[%clk 0:12:02]} hxg5 {[%clk 0:01:23]} 46. h6 {[%clk 0:12:26]} Nd6
{[%clk 0:01:09]} 47. Rxf6 {[%clk 0:11:47]} gxf6 {[%clk 0:00:59]} 48. Rxf6
{[%clk 0:11:58]} Ne4 {[%clk 0:00:41]} 49. Rf7 {[%clk 0:09:22]} e5
{[%clk 0:00:58]} 50. Rg7+ {[%clk 0:09:21]} Kh8 {[%clk 0:01:27]} 51. Rh7+
{[%clk 0:03:18]} Kg8 {[%clk 0:01:55]} 1/2-1/2

[Event "Men-Tehran"]
[Site "?"]
[Date "2015.09.18"]
[Round "8.18"]
[White "Godarz, K."]
[Black "Khademi, M."]
[Result "1-0"]
[BlackElo "2235"]
[WhiteElo "2102"]
[LiveChessVersion "1.4.6"]

1. e4 {[%clk 1:30:38]} e5 {[%clk 1:30:41]} 2. Nf3 {[%clk 1:30:52]} Nc6
{[%clk 1:31:01]} 3. Bb5 {[%clk 1:30:57]} a6 {[%clk 1:31:15]} 4. Ba4
{[%clk 1:31:17]} d6 {[%clk 1:31:35]} 5. O-O {[%clk 1:30:48]} Bd7 {[%clk 1:31:53]}
6. c3 {[%clk 1:30:33]} g6 {[%clk 1:31:25]} 7. d4 {[%clk 1:30:27]} Bg7
{[%clk 1:31:44]} 8. Bg5 {[%clk 1:21:43]} Nce7 {[%clk 1:31:14]} 9. dxe5
{[%clk 1:19:29]} dxe5 {[%clk 1:26:32]} 10. Bxd7+ {[%clk 1:15:12]} Qxd7
{[%clk 1:26:54]} 11. Nbd2 {[%clk 1:15:29]} h6 {[%clk 1:26:37]} 12. Be3
{[%clk 1:15:12]} f5 {[%clk 1:21:02]} 13. Nc4 {[%clk 1:08:10]} fxe4
{[%clk 1:11:12]} 14. Qxd7+ {[%clk 1:02:42]} Kxd7 {[%clk 1:11:30]} 15. Nfxe5+
{[%clk 1:03:03]} Ke6 {[%clk 1:11:48]} 16. f4 {[%clk 1:03:32]} Nf6
{[%clk 1:05:35]} 17. Bc5 {[%clk 0:54:12]} Bf8 {[%clk 0:50:12]} 18. Rad1
{[%clk 0:41:55]} b5 {[%clk 0:46:12]} 19. Nxg6 {[%clk 0:41:16]} Nxg6
{[%clk 0:25:02]} 20. f5+ {[%clk 0:41:36]} Kf7 {[%clk 0:25:18]} 21. fxg6+
{[%clk 0:42:04]} Ke6 {[%clk 0:25:01]} 22. Bd4 {[%clk 0:33:58]} Be7
{[%clk 0:20:57]} 23. Nd2 {[%clk 0:33:41]} e3 {[%clk 0:06:50]} 24. Bxe3
{[%clk 0:30:46]} c5 {[%clk 0:06:29]} 25. Nb3 {[%clk 0:20:39]} Rac8
{[%clk 0:04:31]} 26. g7 {[%clk 0:20:40]} Rhg8 {[%clk 0:04:37]} 27. Bxh6
{[%clk 0:20:34]} Ng4 {[%clk 0:05:03]} 28. Rde1+ {[%clk 0:20:53]} 1-0

[Event "Men-Tehran"]
[Site "?"]
[Date "2015.09.18"]
[Round "8.19"]
[White "Firouzja, A."]
[Black "Vojdani, S."]
[Result "1-0"]
[BlackElo "2125"]
[WhiteElo "2323"]
[LiveChessVersion "1.4.6"]

1. Nf3 {[%clk 1:30:27]} d5 {[%clk 1:30:39]} 2. g3 {[%clk 1:30:49]} c6
{[%clk 1:30:53]} 3. Bg2 {[%clk 1:31:09]} Nf6 {[%clk 1:31:01]} 4. O-O
{[%clk 1:31:04]} Bg4 {[%clk 1:31:18]} 5. b3 {[%clk 1:30:45]} e6 {[%clk 1:30:49]}
6. Bb2 {[%clk 1:31:08]} Be7 {[%clk 1:30:30]} 7. d3 {[%clk 1:31:20]} O-O
{[%clk 1:30:17]} 8. Nbd2 {[%clk 1:31:45]} Nbd7 {[%clk 1:29:39]} 9. h3
{[%clk 1:31:40]} Bh5 {[%clk 1:28:35]} 10. g4 {[%clk 1:29:53]} Bg6
{[%clk 1:28:46]} 11. Nh4 {[%clk 1:30:16]} e5 {[%clk 1:24:30]} 12. e3
{[%clk 1:29:32]} Ne8 {[%clk 1:19:12]} 13. Nxg6 {[%clk 1:29:39]} fxg6
{[%clk 1:17:01]} 14. c4 {[%clk 1:29:38]} dxc4 {[%clk 1:12:24]} 15. Nxc4
{[%clk 1:30:06]} Qc7 {[%clk 1:12:28]} 16. b4 {[%clk 1:29:21]} Nef6
{[%clk 1:07:46]} 17. Qb3 {[%clk 1:29:23]} Kh8 {[%clk 1:08:06]} 18. Rac1
{[%clk 1:29:26]} Rae8 {[%clk 1:05:57]} 19. b5 {[%clk 1:26:05]} c5
{[%clk 1:03:04]} 20. a4 {[%clk 1:23:50]} Bd8 {[%clk 0:59:13]} 21. Rfd1
{[%clk 1:19:50]} Ng8 {[%clk 0:44:45]} 22. Rc2 {[%clk 1:18:37]} Bh4
{[%clk 0:37:00]} 23. a5 {[%clk 1:16:19]} b6 {[%clk 0:25:52]} 24. axb6
{[%clk 1:16:35]} axb6 {[%clk 0:26:17]} 25. Bc3 {[%clk 1:16:06]} Re7
{[%clk 0:24:34]} 26. Ra1 {[%clk 1:15:44]} Ref7 {[%clk 0:24:38]} 27. Be1
{[%clk 1:16:05]} h5 {[%clk 0:18:52]} 28. gxh5 {[%clk 1:13:27]} gxh5
{[%clk 0:18:56]} 29. Ra8 {[%clk 1:13:05]} Rxa8 {[%clk 0:17:36]} 30. Bxa8
{[%clk 1:13:05]} Rf6 {[%clk 0:15:50]} 31. Be4 {[%clk 1:12:01]} Qc8
{[%clk 0:12:26]} 32. Ra2 {[%clk 1:11:40]} Qe8 {[%clk 0:12:21]} 33. Nd2
{[%clk 1:11:00]} Qe6 {[%clk 0:09:47]} 34. Qxe6 {[%clk 1:11:08]} Rxe6
{[%clk 0:10:10]} 35. Ra8 {[%clk 1:11:07]} Ndf6 {[%clk 0:09:05]} 36. Bf5
{[%clk 1:11:36]} Re8 {[%clk 0:09:08]} 37. Rxe8 {[%clk 1:11:15]} Nxe8
{[%clk 0:09:30]} 38. Nc4 {[%clk 1:11:40]} Bd8 {[%clk 0:07:15]} 39. Nxe5
{[%clk 1:10:44]} Nd6 {[%clk 0:07:28]} 40. Bd7 {[%clk 1:08:22]} Nf6
{[%clk 0:05:59]} 41. Bc6 {[%clk 1:08:51]} Bc7 {[%clk 0:04:35]} 42. Bc3
{[%clk 1:08:24]} Kg8 {[%clk 0:03:04]} 43. Kg2 {[%clk 1:08:32]} Kf8
{[%clk 0:03:05]} 44. e4 {[%clk 1:08:17]} Ke7 {[%clk 0:01:48]} 45. f4
{[%clk 1:08:44]} Nfe8 {[%clk 0:01:21]} 46. Kf3 {[%clk 1:09:06]} Nc8
{[%clk 0:01:09]} 47. Ng6+ {[%clk 1:09:15]} Kf7 {[%clk 0:01:32]} 48. f5
{[%clk 1:09:40]} Ned6 {[%clk 0:01:14]} 49. Bd5+ {[%clk 1:09:44]} Ke8
{[%clk 0:01:19]} 50. Bxg7 {[%clk 1:10:02]} Nxb5 {[%clk 0:01:39]} 51. f6
{[%clk 1:10:27]} Nd4+ {[%clk 0:01:34]} 52. Kg2 {[%clk 1:10:48]} Nd6
{[%clk 0:01:36]} 53. e5 1-0